Finančná analýza vybraného podniku bakalárska práca

Salvato in:
Dettagli Bibliografici
Autore principale: Ondríková, Veronika
Ente Autore: Podnikovohospodárska fakulta EU so sídlom v Košiciach. Katedra kvantitatívnych metód
Altri autori: Pančík, Ladislav, 1989-
Natura: Libro
Lingua:slovacco
Pubblicazione: Košice 2016
Tags: Aggiungi Tag
Nessun Tag, puoi essere il primo ad aggiungerne!!

MARC

LEADER 00000nbm a2200000 4500
001 0217750
005 20161216135124.4
041 0 |a slo 
044 |a SK 
245 1 0 |a Finančná analýza vybraného podniku  |b bakalárska práca  |c Veronika Ondríková ; školiteľ: Ladislav Pančík 
264 1 |a Košice  |c 2016 
300 |a 52 s. 
100 1 |a Ondríková, Veronika 
700 1 |a Pančík, Ladislav, 1989- 
710 2 |a Podnikovohospodárska fakulta EU so sídlom v Košiciach. Katedra kvantitatívnych metód